000 00380nam a22001457a 4500
008 250610b |||||||| |||| 00| 0 eng d
020 _a978978955536
050 _aLB 1584
_b.A 23
100 _aAbatus salam A.G.E
245 _aSocial studies education: Focus on problem in society
260 _aNP
_bNP
_c2015
300 _a133p
650 _acurriculum planning
942 _cBK
999 _c3830
_d3830